000 00678nam a2200193 a 4500
001 000048773
005 20201002061410.0
008 190326s2016 dr a 000 0 spa d
020 _a9789945896978
040 _aDO-SdBNP
_bspa
_cBNPHU
082 _axxx
_bR457d
100 1 _aReyes, Edith
_976229
245 1 0 _aDios hace milagros :
_b¡porque yo le conocí como el Dios de los milagros! /
_cEdith Reyes ; ilustraciones Lony Fernández Álvarez.
260 _aSanto Domingo, :
_bSpirole,
_c2016.
300 _a6311 p. :
_bil. ;
_c14 cm.
500 _aIncluye datos biografícos de la autora.
590 _aInventariado, 2019/ YL
700 1 2 _aFernández Álvarez, Lony
_eil.
_972890
999 _c48261
_d48261